[Event "Peterborough 4NCL Easter U2000 op"]
[Site "Peterborough"]
[Date "2024.03.30"]
[Round "3"]
[White "Jackson, Gary"]
[Black "Honarvarmahalati, Hooman"]
[Result "1-0"]
[WhiteElo "1864"]
[BlackElo "1764"]
[PlyCount "98"]
[EventDate "2024.03.29"]
[EventType "swiss"]
[EventRounds "7"]
[EventCountry "ENG"]
[SourceTitle "CB14_2024"]
[SourceDate "2024.04.01"]
[SourceVersion "1"]
[SourceVersionDate "2024.04.01"]
[SourceQuality "1"]

1. e4 c6 2. d4 d5 3. Nd2 g6 4. Ngf3 Bg7 5. c3 a5 6. Bd3 dxe4 7. Nxe4 Nf6 8. 0-0 0-0 9. Re1 Nbd7 10. Ng3 Re8 11. Bc2 b5 12. a4 Nb6 13. axb5 cxb5 14. Bb3 a4 15. Ba2 e6 16. Ne5 Nfd5 17. Qf3 Qf6 18. Qd3 Ba6 19. Ne4 Qd8 20. Nc5 Qc8 21. Qf3 Re7 22. h4 f6 23. Ned3 Bb7 24. Nxb7 Qxb7 25. Nc5 Qc6 26. Bd2 Rae8 27. h5 g5 28. Re2 Kh8 29. Rae1 h6 30. Bb1 f5 31. g4 fxg4 32. Qe4 Kg8 33. Qg6 Nf6 34. Nd3 Rf8 35. Ne5 Qe8 36. Bd3 b4 37. c4 g3 38. fxg3 Qb8 39. Bxb4 Nbd5 40. Ba3 Qb6 41. Bc5 Qb7 42. cxd5 Qxd5 43. Be4 Qb3 44. Kg2 Nxe4 45. Qxe4 Ree8 46. Bxf8 Rxf8 47. Ng6 Rf6 48. Qa8+ Kh7 49. Ne7 Rf8 1-0